Paroles - Naheulbeuk - La vie d'aventurier - Statistiques

Statistiques générales
  • Ce quiz a été pris 16 fois
  • Le résultat moyen est 42 sur 54
Statistiques - réponses
Paroles % Correct
C'est un peu ça, la vie d'{aventurier}
100%
Quand j'aurai mon niveau {deux}
100%
C'est un peu ça, la vie d'{aventurier}
93%
C'est un peu ça, la vie d'{aventurier}
93%
C'est un peu ça, la vie d'{aventurier}
93%
C'est un peu ça, la vie d'{aventurier}
93%
Quand j'aurai mon niveau {cinq}
93%
Quand j'aurai mon niveau {quatre}
93%
Quand j'aurai mon niveau {sept}
93%
Quand j'aurai mon niveau {six}
93%
Quand j'aurai mon niveau {trois}
93%
Tant pis ça m'est {égal}
93%
Du genre qui t'arrache un {bras}
87%
Et la {puissance} d'un taureau
87%
J'achèterai un {anneau}
87%
J'achèterai un {carquois}
87%
J'y mettrai des {flèches} magiques
87%
Qui donne +2 en {charisme}
87%
C'est moins {facile} de courir
80%
C'est un peu ça, la vie d'{aventurier}
80%
Cest un peu ça, la vie d'{aventurier}
80%
C'est un peu ça, la vie d'{aventurier}
80%
Du niveau {précédent}
80%
Et on y va, y'a des minotaures à {tuer} !
80%
J'achèterai des {pansements}
80%
J'achèterai des {parchemins}
80%
Je rentre chez moi, ma carrière est {terminée}...
80%
Même si j'suis pas {magicien}
80%
Pour lancer des {sortilèges}
80%
Quand j'aurai mon niveau {dix}
80%
Quand j'aurai mon niveau {huit}
80%
Quand j'aurai mon niveau {neuf}
80%
Ses parties {génitales}
80%
C'est {surtout} ça, la vie d'aventurier
73%
Et on y va, y'a des trolls à {bousiller} !
73%
J'achèterai un {cheval}
73%
J'achèterai une {armure}
73%
J'achèterai une {baliste}
73%
Je sais pas vraiment {monter}
73%
Mais on évite les {fractures}
73%
Pour arracher au {dragon}
73%
Et on y va, y'a des squelettes à {poutrer} !
67%
Et on y va, y'a un dragon pour {tester} !
67%
J'achèterai un {duvet}
67%
J'achèterai une {vorpale}
67%
Pour {assiéger} les donjons
67%
Pour {corriger} les erreurs
67%
Pour {dormir} dans les donjons
67%
Sans jamais m'{enrhumer}
67%
Et on y va, y'a des liches à {éventrer} !
60%
Et on y va, y'a des momies à {cramer} !
60%
Et on y va, y'a des orques à {décimer} !
53%
Et on y va, y'a des gobelins à {saigner} !
47%
Des {nécromants}-cultistes
20%
Aucun quiz correspondant
Distribution des résultats
% des personnes avec chaque résultat
Percentile par nombre de réponses
Votre historique - résultats
Vous n’avez pas pris ce quiz